[Event "Buryatia-ch 3rd"]
[Site "Ulan-Ude"]
[Date "2015.01.07"]
[Round "6"]
[White "Baljiev, Chingiz"]
[Black "Dashibalov, Erdem"]
[Result "1/2-1/2"]
[WhiteElo "2273"]
[BlackElo "2355"]
[PlyCount "131"]
[EventDate "2015.01.05"]
[EventType "swiss"]
[EventRounds "9"]
[EventCountry "RUS"]
[SourceTitle "CBM 164 Extra"]
[Source "ChessBase"]
[SourceDate "2015.03.02"]
[SourceVersion "1"]
[SourceVersionDate "2015.03.02"]
[SourceQuality "1"]

1. Nf3 Nf6 2. c4 c6 3. d4 d5 4. Nc3 e6 5. g3 Nbd7 6. Bg2 dxc4 7. 0-0 Be7 8. e4 e5 9. d5 cxd5 10. exd5 Bd6 11. Nd2 Nb6 12. a4 Bb4 13. a5 Bxc3 14. bxc3 Nbxd5 15. Nxc4 0-0 16. Ba3 Bg4 17. Qd2 Rc8 18. Bxf8 Rxc4 19. Bb4 e4 20. f3 exf3 21. Bxf3 Bxf3 22. Rxf3 Qc8 23. Rd1 Rc7 24. Rd3 Rd7 25. Qf2 h6 26. Qc5 Rc7 27. Qf2 Rd7 28. Qf3 Qc6 29. Rd4 Qe6 30. Ba3 b5 31. c4 bxc4 32. Rxc4 Ne3 33. Rxd7 Nxc4 34. Rd8+ Kh7 35. Qd3+ g6 36. Bb4 Ne5 37. Qe2 Qf5 38. Bc3 Nc6 39. Rd3 Ne4 40. Qf3 Qe6 41. Re3 f5 42. Qf4 Qd7 43. Qf3 Qe7 44. Kg2 Qe6 45. h4 Qa2+ 46. Re2 Qd5 47. h5 Nxc3 48. Qxd5 Nxd5 49. Re6 Nde7 50. hxg6+ Kg7 51. a6 Kf8 52. Kh3 Ke8 53. Rd6 Ne5 54. g7 Kf7 55. Rxh6 Kxg7 56. Re6 N7c6 57. Rd6 Kf7 58. Kh4 Ke7 59. Rh6 Kd7 60. Rh7+ Ke6 61. Kg5 Nf7+ 62. Kf4 Nb4 63. Rh1 Nxa6 64. Ra1 Nc7 65. Rxa7 Nd5+ 66. Kf3 1/2-1/2

[Event "Buryatia-ch Superfinal 2nd"]
[Site "Ulan-Ude"]
[Date "2014.01.10"]
[Round "8"]
[White "Dashibalov, Erdem"]
[Black "Shomoev, Anton"]
[Result "0-1"]
[WhiteElo "2348"]
[BlackElo "2560"]
[PlyCount "158"]
[EventDate "2014.01.05"]
[EventType "swiss"]
[EventRounds "9"]
[EventCountry "RUS"]
[SourceTitle "EXT 2015"]
[Source "ChessBase"]
[SourceDate "2014.11.20"]
[SourceVersion "1"]
[SourceVersionDate "2014.11.20"]
[SourceQuality "1"]

1. d4 Nf6 2. Nf3 b6 3. Bf4 e6 4. e3 Be7 5. h3 c5 6. c3 0-0 7. Bd3 Ba6 8. Bxa6 Nxa6 9. Qe2 Nc7 10. 0-0 d6 11. Nbd2 cxd4 12. exd4 b5 13. a4 a6 14. axb5 axb5 15. Rxa8 Qxa8 16. Nb3 Qd5 17. Nfd2 Ra8 18. Qf3 Qf5 19. Ra1 Nfd5 20. Rxa8+ Nxa8 21. Bg3 Qc2 22. Qe2 Nac7 23. c4 bxc4 24. Qxc4 Qxb2 25. Qc6 Qa3 26. Qb7 Qa4 27. Nc4 Qd7 28. Nba5 Bf8 29. Qb8 Nb5 30. Nb7 Qc7 31. Qxc7 Ndxc7 32. Nbxd6 Nxd4 33. Nf5 Nxf5 34. Bxc7 Bc5 35. Kf1 f6 36. Ke2 Kf7 37. Nd2 Ke7 38. Ne4 Ba7 39. Ba5 Nd4+ 40. Ke1 Nc6 41. Bc3 Bd4 42. Bd2 Kd7 43. Ke2 Ne7 44. Ng3 Be5 45. Ne4 Kc6 46. Be3 Kd5 47. Nd2 Bd4 48. Bf4 Ng6 49. Bc7 e5 50. g3 Nf8 51. Ba5 Ne6 52. h4 Nc5 53. Bb6 Na4 54. Bd8 Nc5 55. Bb6 Nb7 56. Bc7 Kc6 57. Bb8 Kd7 58. Nf3 Bc5 59. Bxe5 fxe5 60. Nxe5+ Ke6 61. Nd3 Bd6 62. Kf3 Nc5 63. Ne1 Ke5 64. Ng2 Ne6 65. Ne3 Bc5 66. Nc4+ Kd5 67. Nd2 Nd4+ 68. Kg4 Nc6 69. Kf3 Ne5+ 70. Kg2 Nd3 71. f3 Be3 72. Nf1 Kd4 73. Nh2 Bd2 74. Nf1 Ba5 75. Kh3 Ne5 76. Kg2 Kd3 77. f4 Ng4 78. Kf3 h5 79. f5 Bc7 0-1

[Event "Buryatia-ch Superfinal 2nd"]
[Site "Ulan-Ude"]
[Date "2014.01.09"]
[Round "7"]
[White "Samdanov, Samdan"]
[Black "Dashibalov, Erdem"]
[Result "0-1"]
[WhiteElo "2262"]
[BlackElo "2348"]
[PlyCount "126"]
[EventDate "2014.01.05"]
[EventType "swiss"]
[EventRounds "9"]
[EventCountry "RUS"]
[SourceTitle "EXT 2015"]
[Source "ChessBase"]
[SourceDate "2014.11.20"]
[SourceVersion "1"]
[SourceVersionDate "2014.11.20"]
[SourceQuality "1"]

1. d4 Nf6 2. c4 e6 3. Nc3 Bb4 4. e3 0-0 5. Nge2 d5 6. a3 Be7 7. cxd5 Nxd5 8. g3 Nd7 9. Bg2 Nxc3 10. bxc3 c5 11. 0-0 Qa5 12. Qc2 cxd4 13. cxd4 Nb6 14. Be4 h6 15. Bd2 Qb5 16. Bd3 Qd5 17. Rfc1 Qd8 18. Bh7+ Kh8 19. Be4 Nd5 20. Qb3 Nf6 21. Bf3 e5 22. Bb4 Bxb4 23. Qxb4 e4 24. Bg2 b6 25. a4 Ba6 26. Nc3 Bd3 27. Nb5 Nd5 28. Qb3 Qd7 29. Rd1 Bxb5 30. axb5 f5 31. Bf1 Rfc8 32. Bc4 Nc7 33. d5 Qd6 34. Ra2 Ne8 35. Ra4 Rc7 36. Rda1 Qe5 37. d6 Nxd6 38. Bd5 Rd8 39. Rxa7 Rxa7 40. Rxa7 Nc8 41. Ra8 Qxd5 42. Qxd5 Rxd5 43. Rxc8+ Kh7 44. h4 h5 45. Rc6 Rxb5 46. Kg2 Rb2 47. Kg1 b5 48. Rb6 b4 49. Kg2 b3 50. Kg1 Kg8 51. Rb7 Kf8 52. Kg2 g6 53. Kf1 Ke8 54. Rb6 Kd7 55. Kg2 Kc7 56. Rb4 Kc6 57. Kf1 Kc5 58. Rb8 Kc4 59. Ke1 Rc2 60. Rc8+ Kd3 61. Rd8+ Kc3 62. Rc8+ Kb2 63. Rb8 Rc3 0-1

[Event "Buryatia-ch Superfinal 2nd"]
[Site "Ulan-Ude"]
[Date "2014.01.08"]
[Round "6"]
[White "Dashibalov, Erdem"]
[Black "Andreev, Afrikan"]
[Result "1/2-1/2"]
[WhiteElo "2348"]
[BlackElo "2190"]
[PlyCount "65"]
[EventDate "2014.01.05"]
[EventType "swiss"]
[EventRounds "9"]
[EventCountry "RUS"]
[SourceTitle "EXT 2015"]
[Source "ChessBase"]
[SourceDate "2014.11.20"]
[SourceVersion "1"]
[SourceVersionDate "2014.11.20"]
[SourceQuality "1"]

1. d4 d5 2. c4 e6 3. Nc3 Nf6 4. Nf3 c6 5. e3 Nbd7 6. Qc2 b6 7. Be2 Bb7 8. b3 Rc8 9. 0-0 Be7 10. Bb2 0-0 11. Rfd1 Qc7 12. Rac1 Qb8 13. e4 dxe4 14. Nxe4 Qf4 15. Nxf6+ Bxf6 16. Qd2 Qxd2 17. Rxd2 c5 18. Rcd1 cxd4 19. Bxd4 Nc5 20. Bxf6 gxf6 21. b4 Ne4 22. Rd7 Nc3 23. Rxb7 Nxd1 24. Bxd1 Rxc4 25. Kf1 Rxb4 26. Rxa7 Rb1 27. Ke2 Rb2+ 28. Ke3 Rc8 29. Bb3 Rc3+ 30. Kd4 Rc1 31. Ke3 Rc3+ 32. Kd4 Rc1 33. Ke3 1/2-1/2

[Event "Buryatia-ch"]
[Site "Ulan-Ude"]
[Date "2013.01.08"]
[Round "9"]
[White "Brylev, Igor"]
[Black "Dashibalov, Erdem"]
[Result "1/2-1/2"]
[WhiteElo "2161"]
[BlackElo "2365"]
[PlyCount "106"]
[EventDate "2013.01.02"]
[EventType "swiss"]
[EventRounds "9"]
[EventCountry "RUS"]
[SourceTitle "CBM 152 Extra"]
[Source "ChessBase"]
[SourceDate "2013.02.25"]
[SourceVersion "1"]
[SourceVersionDate "2013.02.25"]
[SourceQuality "1"]

1. e4 c5 2. Nf3 d6 3. d3 Nc6 4. Nbd2 g6 5. g3 Bg7 6. Bg2 e6 7. c3 Nge7 8. 0-0 0-0 9. Nb3 b6 10. d4 Ba6 11. Re1 Qc7 12. d5 exd5 13. exd5 Nb8 14. Bg5 Re8 15. Qd2 Bc4 16. Re4 Bxb3 17. axb3 f6 18. Bh6 Nd7 19. Rae1 Nf8 20. Bh3 f5 21. R4e2 Bxh6 22. Qxh6 Qd7 23. c4 Rad8 24. Qg5 Kf7 25. g4 h6 26. Qxh6 fxg4 27. Ng5+ Kg8 28. Ne6 Nf5 29. Nxf8 Rxe2 30. Rxe2 Nxh6 31. Nxd7 Rxd7 32. Bg2 Kf7 33. Be4 Kf6 34. Bd3 Nf5 35. Bxf5 gxf5 36. Re6+ Kg5 37. Kg2 f4 38. f3 gxf3+ 39. Kxf3 Rh7 40. Kg2 f3+ 41. Kxf3 Rxh2 42. Rxd6 Rxb2 43. Re6 Rxb3+ 44. Ke4 Rc3 45. d6 Rxc4+ 46. Kd5 Rd4+ 47. Kc6 Kf5 48. Re3 c4 49. d7 a5 50. Rh3 a4 51. Rh5+ Ke6 52. Rh6+ Ke7 53. Rh7+ Ke6 1/2-1/2

[Event "Buryatia-ch"]
[Site "Ulan-Ude"]
[Date "2013.01.05"]
[Round "6"]
[White "Dashibalov, Erdem"]
[Black "Badmatsyrenov, Oleg"]
[Result "0-1"]
[WhiteElo "2365"]
[BlackElo "2468"]
[PlyCount "100"]
[EventDate "2013.01.02"]
[EventType "swiss"]
[EventRounds "9"]
[EventCountry "RUS"]
[SourceTitle "CBM 152 Extra"]
[Source "ChessBase"]
[SourceDate "2013.02.25"]
[SourceVersion "1"]
[SourceVersionDate "2013.02.25"]
[SourceQuality "1"]

1. e4 c5 2. Nf3 Nc6 3. Bb5 g6 4. Bxc6 bxc6 5. d3 Bg7 6. Nbd2 e5 7. h4 Nf6 8. Nxe5 0-0 9. Ng4 Nxg4 10. Qxg4 f5 11. Qg3 d5 12. h5 f4 13. Qf3 Qg5 14. g3 Bg4 15. Qg2 f3 16. Qh2 gxh5 17. Nxf3 Qe7 18. Nd2 dxe4 19. Nxe4 c4 20. 0-0 cxd3 21. cxd3 Qd7 22. Bf4 Qxd3 23. Nc3 Rae8 24. Nd1 Bf3 25. Ne3 Re6 26. Qh3 Rg6 27. Kh2 Bxb2 28. Rab1 Bd4 29. Qd7 Qe4 30. Rg1 c5 31. Rbe1 Qe8 32. Qxe8 Rxe8 33. Nc2 Rxe1 34. Rxe1 Bf6 35. Be5 Kf7 36. Bxf6 Kxf6 37. Re3 Bd5 38. Ra3 Rg7 39. Kh3 Be4 40. Rc3 Bxc2 41. Rxc2 Rc7 42. Kh4 Ke5 43. Kxh5 Kd4 44. f4 Kd3 45. Rf2 c4 46. f5 c3 47. f6 c2 48. f7 Rxf7 49. Rxf7 c1Q 50. Rd7+ Ke4 0-1

[Event "Buryatia-ch"]
[Site "Ulan-Ude"]
[Date "2013.01.03"]
[Round "3"]
[White "Badmatsyrenov, Alexander"]
[Black "Dashibalov, Erdem"]
[Result "1/2-1/2"]
[WhiteElo "2205"]
[BlackElo "2365"]
[PlyCount "95"]
[EventDate "2013.01.02"]
[EventType "swiss"]
[EventRounds "9"]
[EventCountry "RUS"]
[SourceTitle "CBM 152 Extra"]
[Source "ChessBase"]
[SourceDate "2013.02.25"]
[SourceVersion "1"]
[SourceVersionDate "2013.02.25"]
[SourceQuality "1"]

1. a3 d5 2. Nf3 Nf6 3. b4 Bf5 4. e3 e6 5. Bb2 Bd6 6. c4 c6 7. Be2 h6 8. 0-0 0-0 9. Nc3 Nbd7 10. h3 Qe7 11. d4 dxc4 12. Bxc4 e5 13. Re1 e4 14. Nd2 Nb6 15. Bb3 Nfd5 16. Qh5 Bg6 17. Qg4 Kh7 18. Qd1 Rad8 19. Nxd5 cxd5 20. b5 f5 21. a4 Bf7 22. a5 Nd7 23. Nb1 Qg5 24. Ba3 Bh5 25. Qxh5 Qxh5 26. Bxd6 Rfe8 27. Nc3 Nf6 28. Be5 Qf7 29. Rec1 b6 30. axb6 axb6 31. Na4 Re6 32. Rc7 Qe8 33. Nc3 Rxe5 34. dxe5 Qxe5 35. Raa7 Ne8 36. Rc6 Nd6 37. Nxd5 Nxb5 38. Re7 Qa1+ 39. Kh2 Qb2 40. Rce6 Rd6 41. Nf6+ Kg6 42. Ne8+ Rxe6 43. Bxe6 Qe5+ 44. g3 Nd6 45. Rxg7+ Qxg7 46. Nxg7 Kxg7 47. g4 Kf6 48. Ba2 1/2-1/2

[Event "Buryatia-ch"]
[Site "Ulan-Ude"]
[Date "2013.01.02"]
[Round "1"]
[White "Baglaev, Evgeniy"]
[Black "Dashibalov, Erdem"]
[Result "0-1"]
[WhiteElo "2090"]
[BlackElo "2365"]
[PlyCount "102"]
[EventDate "2013.01.02"]
[EventType "swiss"]
[EventRounds "9"]
[EventCountry "RUS"]
[SourceTitle "CBM 152 Extra"]
[Source "ChessBase"]
[SourceDate "2013.02.25"]
[SourceVersion "1"]
[SourceVersionDate "2013.02.25"]
[SourceQuality "1"]

1. d4 Nf6 2. c4 e6 3. g3 d5 4. Bg2 Bb4+ 5. Bd2 Be7 6. Nf3 0-0 7. 0-0 c6 8. Qc2 b6 9. b3 Nbd7 10. Bc3 Ba6 11. Nbd2 c5 12. dxc5 Nxc5 13. Rfd1 Rc8 14. Rac1 Qe8 15. Bb2 dxc4 16. Nxc4 Nce4 17. Nfe5 Nxf2 18. Kxf2 b5 19. Bc6 Rxc6 20. Nxc6 Ng4+ 21. Kg1 Bc5+ 22. Bd4 bxc4 23. Bxc5 Qxc6 24. b4 Bb7 25. e4 Re8 26. Rd6 Qc7 27. Rcd1 h6 28. Rd7 Qb8 29. Qd2 Nf6 30. Rd8 Kh7 31. Qd6 Rxd8 32. Qxd8 Qe5 33. Qd4 Qh5 34. Rf1 Ng4 35. h4 Ne5 36. Qd1 Qg6 37. Kh2 Qxe4 38. Qb1 Nd3 39. Rg1 Qe2+ 40. Kh3 Bf3 41. g4 c3 42. Qf1 Bg2+ 43. Qxg2 Nf4+ 44. Kh2 Nxg2 45. Rxg2 Qd3 46. Rg3 Qb1 47. Bxa7 Qxa2+ 48. Kh3 Qxa7 49. Rxc3 Qd4 50. Rb3 Qc4 51. Rf3 Kg8 0-1

[Event "Ulan-Ude Baikal Harbor"]
[Site "Ulan-Ude"]
[Date "2011.12.20"]
[Round "5"]
[White "Dambaev, Tumen"]
[Black "Dashibalov, Erdem"]
[Result "0-1"]
[WhiteElo "1853"]
[BlackElo "2369"]
[PlyCount "94"]
[EventDate "2011.12.17"]
[EventType "swiss"]
[EventRounds "9"]
[EventCountry "RUS"]
[SourceTitle "EXT 2022"]
[Source "ChessBase"]
[SourceDate "2021.10.06"]
[SourceVersion "1"]
[SourceVersionDate "2021.10.06"]
[SourceQuality "1"]

1. e4 c5 2. Nf3 e6 3. d4 cxd4 4. Nxd4 Nf6 5. Bd3 e5 6. Nb3 d6 7. Nc3 Be7 8. 0-0 Be6 9. h3 h6 10. f4 exf4 11. Bxf4 Nc6 12. Be2 d5 13. e5 Ne4 14. Bd3 Nxc3 15. bxc3 Bg5 16. Bg3 0-0 17. Kh1 Be3 18. Qe2 Bb6 19. Rf3 Qg5 20. Raf1 Rae8 21. c4 Bc7 22. Nc5 Nd4 23. Nxe6 Rxe6 24. Qe1 Nxf3 25. Rxf3 dxc4 26. Bf5 Qe7 27. Bxe6 Qxe6 28. Qe4 b5 29. Bf4 Re8 30. Qb7 Bb6 31. Qe4 Rd8 32. Rf1 Rd4 33. Qa8+ Kh7 34. Qf3 Qf5 35. Be3 Qxf3 36. Rxf3 Rd1+ 37. Kh2 Bxe3 38. Rxe3 Rd2 39. Ra3 Rxc2 40. Rxa7 Kg6 41. Rb7 Rb2 42. a4 b4 43. a5 c3 44. a6 c2 45. Rc7 b3 46. Kg3 Ra2 47. Rc3 b2 0-1

[Event "RUS-chT2"]
[Site "Sochi"]
[Date "2008.04.10"]
[Round "8"]
[White "Dashibalov, Erdem"]
[Black "Raetsky, Alexander"]
[Result "1/2-1/2"]
[WhiteElo "2408"]
[BlackElo "2424"]
[PlyCount "78"]
[EventDate "2008.04.03"]
[EventType "team-tourn"]
[EventRounds "9"]
[EventCountry "RUS"]
[SourceTitle "CBM 123 Extra"]
[Source "ChessBase"]
[SourceDate "2008.05.06"]
[SourceVersion "1"]
[SourceVersionDate "2008.05.06"]
[SourceQuality "1"]

1. d4 d5 2. c4 dxc4 3. e4 Nc6 4. Be3 Nf6 5. Nc3 e5 6. d5 Na5 7. Qa4+ c6 8. dxc6 Nxc6 9. Nf3 Bd7 10. Bxc4 Bb4 11. 0-0 Bxc3 12. bxc3 0-0 13. Qc2 Qe7 14. h3 Rac8 15. Bd3 Nb4 16. Qd2 Nxd3 17. Qxd3 Rfd8 18. Qc2 Bc6 19. Nd2 Bb5 20. Rfe1 Bd3 21. Qa4 a6 22. Rac1 Rc6 23. Qb4 Qxb4 24. cxb4 Rxc1 25. Rxc1 Nxe4 26. Bb6 Re8 27. Nb3 h5 28. Rc7 Nd6 29. Rd7 Nc4 30. Rxd3 Nxb6 31. Nc5 Re7 32. Rd8+ Kh7 33. Rb8 Nd5 34. a3 b5 35. Ra8 Nb6 36. Rxa6 Nc4 37. a4 bxa4 38. Rxa4 Rc7 39. Ra1 f6 1/2-1/2

[Event "RUS-chT2"]
[Site "Sochi"]
[Date "2008.04.07"]
[Round "5"]
[White "Dashibalov, Erdem"]
[Black "Pridorozhni, Aleksei"]
[Result "0-1"]
[WhiteElo "2408"]
[BlackElo "2519"]
[PlyCount "86"]
[EventDate "2008.04.03"]
[EventType "team-tourn"]
[EventRounds "9"]
[EventCountry "RUS"]
[SourceTitle "CBM 123 Extra"]
[Source "ChessBase"]
[SourceDate "2008.05.06"]
[SourceVersion "1"]
[SourceVersionDate "2008.05.06"]
[SourceQuality "1"]

1. d4 Nf6 2. c4 Nc6 3. Nf3 e6 4. Nc3 d5 5. Bg5 Be7 6. e3 0-0 7. a3 Nd7 8. Bxe7 Nxe7 9. cxd5 Nxd5 10. Nxd5 exd5 11. Be2 Nb6 12. 0-0 Bg4 13. Qc2 c6 14. b4 Bxf3 15. Bxf3 Nc4 16. a4 a6 17. e4 Qd6 18. Qc3 Rad8 19. e5 Qh6 20. Rfe1 f6 21. e6 Rfe8 22. b5 axb5 23. axb5 f5 24. bxc6 bxc6 25. Be2 Qd2 26. Qxd2 Nxd2 27. Bd3 g6 28. Ra3 Ne4 29. f3 Ng5 30. Ra7 Nxe6 31. Rb1 Rb8 32. Rxb8 Rxb8 33. Ra4 Kf8 34. g3 Rb2 35. Ba6 Rd2 36. Bf1 Nxd4 37. Bg2 Ke7 38. Ra7+ Kd6 39. Rxh7 c5 40. Rh6 c4 41. Rxg6+ Kc5 42. Rg8 c3 43. Rc8+ Nc6 0-1

[Event "Sibiria Region-ch"]
[Site "Novokuznetsk"]
[Date "2008.03.16"]
[Round "4"]
[White "Kiriakov, Petr"]
[Black "Dashibalov, Erdem"]
[Result "1/2-1/2"]
[WhiteElo "2545"]
[BlackElo "2408"]
[PlyCount "40"]
[EventDate "2008.03.13"]
[EventType "swiss"]
[EventRounds "9"]
[EventCountry "RUS"]
[SourceTitle "CBM 123 Extra"]
[Source "ChessBase"]
[SourceDate "2008.05.06"]
[SourceVersion "1"]
[SourceVersionDate "2008.05.06"]
[SourceQuality "1"]

1. d4 d5 2. c4 c6 3. Nc3 Nf6 4. e3 e6 5. a3 Nbd7 6. Bd3 dxc4 7. Bxc4 Bd6 8. Nf3 0-0 9. 0-0 b5 10. Bd3 Bb7 11. Bd2 a5 12. Rc1 Qb6 13. Qb3 c5 14. Nxb5 Bxf3 15. gxf3 cxd4 16. Nxd4 Qxb3 17. Nxb3 Rfb8 18. Nxa5 Ne5 19. Be2 Rxb2 20. Rcd1 Bxa3 1/2-1/2

[Event "Sibiria Region-ch"]
[Site "Novokuznetsk"]
[Date "2008.03.14"]
[Round "2"]
[White "Sambursky, Vladimir"]
[Black "Dashibalov, Erdem"]
[Result "1/2-1/2"]
[WhiteElo "2263"]
[BlackElo "2408"]
[PlyCount "78"]
[EventDate "2008.03.13"]
[EventType "swiss"]
[EventRounds "9"]
[EventCountry "RUS"]
[SourceTitle "CBM 123 Extra"]
[Source "ChessBase"]
[SourceDate "2008.05.06"]
[SourceVersion "1"]
[SourceVersionDate "2008.05.06"]
[SourceQuality "1"]

1. c4 e5 2. Nc3 Nf6 3. g3 Bb4 4. Bg2 0-0 5. Nf3 Nc6 6. 0-0 e4 7. Ne1 Bxc3 8. bxc3 Re8 9. Nc2 d6 10. Ne3 b6 11. f3 exf3 12. Bxf3 Bb7 13. Nd5 Nxd5 14. Bxd5 Re7 15. d3 h6 16. e4 Na5 17. Qh5 Qf8 18. Bxb7 Nxb7 19. Rf3 Qe8 20. Bd2 Re5 21. Qh3 Qe6 22. g4 b5 23. cxb5 Rxb5 24. Raf1 Rb2 25. Bc1 Rb1 26. c4 Nd8 27. Qg2 Rab8 28. Rf5 f6 29. h4 Nf7 30. g5 hxg5 31. hxg5 Nxg5 32. Bxg5 fxg5 33. Qxg5 Rxf1+ 34. Kxf1 Rb1+ 35. Ke2 Rb2+ 36. Ke3 Rb8 37. Qh4 Qg6 38. Qg5 Qe8 39. Qh4 Qg6 1/2-1/2

[Event "Khanty-Mansiysk Governor Cup"]
[Site "Khanty-Mansiysk"]
[Date "2007.11.28"]
[Round "7"]
[White "Dashibalov, Erdem"]
[Black "Pozin, Sergey"]
[Result "1-0"]
[WhiteElo "2326"]
[BlackElo "2452"]
[PlyCount "111"]
[EventDate "2007.11.21"]
[EventType "swiss"]
[EventRounds "9"]
[EventCountry "RUS"]
[SourceTitle "CBM 121 Extra"]
[Source "ChessBase"]
[SourceDate "2008.01.10"]
[SourceVersion "1"]
[SourceVersionDate "2008.01.10"]
[SourceQuality "1"]

1. d4 Nf6 2. c4 g6 3. g3 Bg7 4. Bg2 0-0 5. Nc3 d6 6. Nf3 Bg4 7. 0-0 Nc6 8. h3 Bxf3 9. Bxf3 Nd7 10. e3 e5 11. d5 Ne7 12. e4 f5 13. Bg2 Nc5 14. exf5 gxf5 15. Be3 a5 16. f4 Ng6 17. Kh2 b6 18. Qc2 Qd7 19. Rae1 Rae8 20. a3 exf4 21. gxf4 Kh8 22. b3 Rf7 23. Bd2 Bh6 24. b4 axb4 25. axb4 Rxe1 26. Rxe1 Ne4 27. Bxe4 fxe4 28. Qxe4 Bxf4+ 29. Bxf4 Rxf4 30. Qe8+ Qxe8 31. Rxe8+ Kg7 32. Re4 Rf2+ 33. Kg3 Rf7 34. Nb5 Ne5 35. c5 Rf3+ 36. Kg2 Rd3 37. Nxc7 Rd2+ 38. Kg3 Rd3+ 39. Kf2 bxc5 40. bxc5 Rd2+ 41. Ke3 Rh2 42. Ne8+ Kg6 43. Nxd6 Rxh3+ 44. Kd4 Nf3+ 45. Kd3 Rh5 46. Rg4+ Kf6 47. Rf4+ Ke5 48. Rxf3 Kxd5 49. Ne4 Re5 50. Rf8 h5 51. Rd8+ Kc6 52. Kd4 Rf5 53. Rd6+ Kc7 54. Rf6 Rxf6 55. Nxf6 h4 56. Ke3 1-0

[Event "Ulan-Ude Elo"]
[Site "Ulan-Ude"]
[Date "2007.09.25"]
[Round "9"]
[White "Dondukov, Sengdorji"]
[Black "Dashibalov, Erdem"]
[Result "0-1"]
[WhiteElo "2187"]
[BlackElo "2287"]
[PlyCount "90"]
[EventDate "2007.09.17"]
[EventType "tourn"]
[EventRounds "14"]
[EventCountry "RUS"]
[SourceTitle "EXT 2009"]
[Source "ChessBase"]
[SourceDate "2008.11.26"]
[SourceVersion "1"]
[SourceVersionDate "2008.11.26"]
[SourceQuality "1"]

1. Nf3 d5 2. d4 Nf6 3. c4 e6 4. e3 c6 5. Bd3 dxc4 6. Bxc4 Nbd7 7. 0-0 Bd6 8. Nc3 b5 9. Bb3 0-0 10. e4 e5 11. d5 cxd5 12. Nxb5 Nb6 13. Re1 Bg4 14. Bg5 Bb4 15. Re3 Bc5 16. Re1 Bb4 17. Re3 d4 18. Rd3 h6 19. Bxf6 Qxf6 20. a3 Bc5 21. Nc7 Rad8 22. Rc1 Qe7 23. Qc2 Bd6 24. Nd5 Nxd5 25. Bxd5 Rc8 26. Qd1 Rxc1 27. Qxc1 Rc8 28. Qd1 Rc5 29. Qb3 Bc8 30. Rd1 Qc7 31. Ne1 Ba6 32. Nd3 Rxd5 33. exd5 Bc4 34. Qc2 e4 35. Nb4 d3 36. Qc3 a5 37. Nxd3 exd3 38. b3 Bxh2+ 39. Kh1 Ba6 40. Qc6 Qxc6 41. dxc6 Bd6 42. Ra1 Bb5 43. Rc1 Bc7 44. Rd1 Kf8 45. Kg1 Ke7 0-1

[Event "Ulan-Ude Elo"]
[Site "Ulan-Ude"]
[Date "2007.09.22"]
[Round "6"]
[White "Badmatsyrenov, Oleg"]
[Black "Dashibalov, Erdem"]
[Result "1/2-1/2"]
[WhiteElo "2300"]
[BlackElo "2287"]
[PlyCount "40"]
[EventDate "2007.09.17"]
[EventType "tourn"]
[EventRounds "14"]
[EventCountry "RUS"]
[SourceTitle "EXT 2009"]
[Source "ChessBase"]
[SourceDate "2008.11.26"]
[SourceVersion "1"]
[SourceVersionDate "2008.11.26"]
[SourceQuality "1"]

1. Nc3 e5 2. Nf3 Nc6 3. d4 exd4 4. Nxd4 Bb4 5. Nxc6 Bxc3+ 6. bxc3 bxc6 7. Qd4 Qf6 8. h4 d6 9. Bg5 Qg6 10. e4 h6 11. Be3 Nf6 12. f3 c5 13. Qd2 Qg3+ 14. Bf2 Qe5 15. Bb5+ Bd7 16. Bxd7+ Nxd7 17. 0-0 0-0 18. a4 a5 19. Rfe1 Rfe8 20. Qd3 Nb6 1/2-1/2

[Event "Sibiria Region-ch"]
[Site "Russia"]
[Date "2007.03.24"]
[Round "7"]
[White "Kuzmin, Ilya"]
[Black "Dashibalov, Erdem"]
[Result "1/2-1/2"]
[WhiteElo "2198"]
[BlackElo "2289"]
[PlyCount "89"]
[EventDate "2007.03.18"]
[EventType "swiss"]
[EventRounds "9"]
[EventCountry "RUS"]
[SourceTitle "EXT 2008"]
[Source "ChessBase"]
[SourceDate "2007.11.25"]
[SourceVersion "1"]
[SourceVersionDate "2007.11.25"]
[SourceQuality "1"]

1. d4 Nf6 2. Bg5 d5 3. e3 c5 4. Bxf6 gxf6 5. Nc3 e6 6. Qh5 Nc6 7. 0-0-0 Qa5 8. Nge2 b5 9. Nf4 Bd7 10. Bxb5 cxd4 11. Ncxd5 exd5 12. Nxd5 Bb4 13. Nxf6+ Kd8 14. Qd5 Qc7 15. Bxc6 Qxc6 16. Qxc6 Bxc6 17. Rxd4+ Ke7 18. Rxb4 Kxf6 19. e4 Rhe8 20. Re1 Re6 21. f3 Rae8 22. Rc4 Kg6 23. Rc5 f6 24. b4 a6 25. Rd1 Rb8 26. c3 Rb5 27. Rc4 h5 28. Rcd4 h4 29. Rd6 Kf7 30. g4 hxg3 31. hxg3 Rh5 32. R6d2 Rh3 33. Rg1 f5 34. exf5 Re3 35. Kb2 Rxf3 36. Rd6 Bb5 37. Kb3 Rfxg3 38. Rxg3 Rxg3 39. a4 Bf1 40. f6 Rf3 41. Rb6 Rxf6 42. Rb7+ Ke8 43. b5 axb5 44. axb5 Kd8 45. Kb4 1/2-1/2